<?xml version="1.0" encoding="UTF-8"?><?xml-stylesheet type="text/xsl" href="static/style.xsl"?><OAI-PMH xmlns="http://www.openarchives.org/OAI/2.0/" xmlns:xsi="http://www.w3.org/2001/XMLSchema-instance" xsi:schemaLocation="http://www.openarchives.org/OAI/2.0/ http://www.openarchives.org/OAI/2.0/OAI-PMH.xsd"><responseDate>2026-06-07T19:16:14Z</responseDate><request verb="GetRecord" identifier="oai:docta.ucm.es:20.500.14352/50784" metadataPrefix="marc">https://docta.ucm.es/rest/oai/request</request><GetRecord><record><header><identifier>oai:docta.ucm.es:20.500.14352/50784</identifier><datestamp>2023-08-27T07:33:55Z</datestamp><setSpec>com_20.500.14352_14</setSpec><setSpec>col_20.500.14352_15</setSpec></header><metadata><record xmlns="http://www.loc.gov/MARC21/slim" xmlns:dcterms="http://purl.org/dc/terms/" xmlns:xsi="http://www.w3.org/2001/XMLSchema-instance" xmlns:doc="http://www.lyncode.com/xoai" xsi:schemaLocation="http://www.loc.gov/MARC21/slim http://www.loc.gov/standards/marcxml/schema/MARC21slim.xsd">
   <leader>00925njm 22002777a 4500</leader>
   <datafield ind2=" " ind1=" " tag="042">
      <subfield code="a">dc</subfield>
   </datafield>
   <datafield ind2=" " ind1=" " tag="720">
      <subfield code="a">Quiroga Mellado, Juan Antonio</subfield>
      <subfield code="e">author</subfield>
   </datafield>
   <datafield ind2=" " ind1=" " tag="720">
      <subfield code="a">Vargas Balbuena, Javier</subfield>
      <subfield code="e">author</subfield>
   </datafield>
   <datafield ind2=" " ind1=" " tag="720">
      <subfield code="a">Koninckx, Thomas</subfield>
      <subfield code="e">author</subfield>
   </datafield>
   <datafield ind2=" " ind1=" " tag="720">
      <subfield code="a">Van Gool, Luc</subfield>
      <subfield code="e">author</subfield>
   </datafield>
   <datafield ind2=" " ind1=" " tag="260">
      <subfield code="c">2008-05</subfield>
   </datafield>
   <datafield ind2=" " ind1=" " tag="520">
      <subfield code="a">The industry dealing with microchip inspection requires fast, flexible, repeatable, and stable 3-D measuring systems. The typical devices used for this purpose are coordinate measurement machines (CMMs). These systems have limitations such as high cost, low measurement speed, and small quantity of measured 3-D points. Now optical techniques are beginning to replace the typical touch probes because of their noncontact nature, their full-field measurement capability, their high measurement density, as well as their low cost and high measurement speed. However, typical properties of microchip devices, which include a strongly spatially varying reflectance, make impossible the direct use of the classical optical 3-D measurement techniques. We present a 3-D measurement technique capable of optically measuring these devices using a camera-projector system. The proposed method improves the dynamic range of the imaging system through the use of a set of gray-code (GC) and phase- shift (PS) measures with different CCD integration times. A set of extended-range GC and PS images are obtained and used to acquire a dense 3-D measure of the object. We measure the 3-D shape of an integrated circuit and obtained satisfactory results.</subfield>
   </datafield>
   <datafield ind1="8" ind2=" " tag="024">
      <subfield code="a">0091-3286</subfield>
   </datafield>
   <datafield ind1="8" ind2=" " tag="024">
      <subfield code="a">10.1117/1.2919726</subfield>
   </datafield>
   <datafield ind1="8" ind2=" " tag="024">
      <subfield code="a">https://hdl.handle.net/20.500.14352/50784</subfield>
   </datafield>
   <datafield ind1="8" ind2=" " tag="024">
      <subfield code="a">http://dx.doi.org/10.1117/1.2919726</subfield>
   </datafield>
   <datafield ind1="8" ind2=" " tag="024">
      <subfield code="a">http://opticalengineering.spiedigitallibrary.org</subfield>
   </datafield>
   <datafield ind2="0" ind1="0" tag="245">
      <subfield code="a">Three-dimensional measurement of microchips using structured light techniques</subfield>
   </datafield>
</record></metadata></record></GetRecord></OAI-PMH>